1244 1793 1846 1108 1849 1710 1317 1237 1916 1365 1505 1773 1311 1127 1963 1552 1939 1353 1618 1235 1952 1039 1529 1100 1764 1564 1959 1911 1122 1775 1208 1291 1671 1933 1106 1757 1113 1327 1072 1086 1895 1104 1989 1122 1052 1195 1223 1409 1131 1184 1509 1296 1737 1265 1051 1645 1003 1798 1765 1101 1818 1077 1784 1937 1828 1151 1061 1961 1071 1608 1578 1067 1003 1572 1786 1585 1971 1645 1149 1668 1702 1315 1268 1562 1501 1461 1424 1660 1394 1195 1906 1784 1443 1630 1009 1570 1118 1474 1160 BCNSPRNW ULIB Ver.6.0+V

เปลี่ยนเป็นภาษาไทย

Change to English
 แสดงรายละเอียดบรรณานุกรม
  กลับหน้าหลัก

Brief Record : Get Marc (ISO 2709) : E-mail record : QR code < ปิดหน้าต่าง
LEADER : 00000nam 2200000uu 4500
001    13399109237
003     ULIB
008    110324s2545||||th 000 0 tha d
020    9742946167
060 04 WA540.JT3^bห159 2545
245 00 หนึ่งปีปฏิรูป :^bหนึ่งปีแรกของการปฏิรูประบบสุขภาพแห่งชาติ/^cบรรณาธิการ อำพล จินดาวัฒนะ ... [และคนอื่นๆ]
260    [นนทบุรี] :^bสำนักงานปฏิรูประบบสุขภาพแห่งชาติ,^c2545
300    107 หน้า :^bภาพประกอบสี ;^c30 ซม
610 27 สำนักงานปฏิรูประบบสุขภาพแห่งชาติ
650  7 การปฏิรูประบบบริการสาธารณสุข
650  7 ประกันสุขภาพ^zไทย
650  7 นโยบายสาธารณสุข^zไทย
700 0  อำพล จินดาวัฒนะ,^eบรรณาธิการ
710 2  สำนักงานปฏิรูประบบสุขภาพแห่งชาติ
945    ^p0^l0^i015638
995    ทศพร
999 ^a ใช้งานได้ทุกระบบ
รายการนี้ยังไม่มีแท็ก
คุณยังไม่ได้ล็อกอิน คุณสามารถมีกิจกรรมร่วมกับเว็บไซต์ได้ แต่ต้องล็อกอินก่อน ::
  ล็อกอิน

รายการสื่อสารสนเทศ

ลำดับที่ ประเภท เลขเรียก/บาร์โค้ด สถานที่ สถานะ
- ไม่พบข้อมูล -

รายการใกล้เคียง
    หัวเรื่อง [การปฏิรูประบบบริการสาธารณสุข]

BibComment


ยังไม่เคยถูกคอมเมนท์

คอมเมนท์ทรัพยากรรายการนี้
  คอมเมนท์: หนึ่งปีปฏิรูป หน..


 Copyright 2026. Bcnsprnw @Library